|
|
|
|
| LEADER |
02805cam a2200649 7i4500 |
| 001 |
0000020670 |
| 005 |
20080620090000.0 |
| 020 |
0 |
0 |
|a 978-1-58239-004-8
|
| 090 |
0 |
0 |
|a AS.P 382.5025
|b INT
|
| 245 |
0 |
4 |
|a The International directory of importers Asia/Pacific 2007 :
|b volume1[Australia,Bangladesh,China,Hong Hong, India, Indonesia, Japan, Kazakhstan, Malaysia, Mauritius, Mongolia, Nepal, New Zealand, Pakistan, Philippines, Singapore and South Korea].
|
| 250 |
0 |
0 |
|a 19th ed.
|
| 260 |
0 |
0 |
|a Poulsbo,WA:
|b Interdata,
|c 2007.
|
| 300 |
# |
# |
|a 1v [503 p].
|
| 500 |
0 |
0 |
|a Library has volume1[Australia, Bangladesh, China, Hong Kong, India, Indonesia, Japan, Kazakhstan, Malaysia, Mauritius, Mongolia, Nepal, New Zealand, Pakistan, Philippines, Singapore and South Korea]
|
| 500 |
0 |
0 |
|a Volume 2 [South Pacific Island,Sri Lanka,Taiwan,Thailand,Uzbekistan,Vietnam and classified section
|
| 650 |
0 |
0 |
|a Importers --
|x Directories --
|z Malaysia
|
| 650 |
0 |
0 |
|a Importers --
|x Directories --
|z Indonesia
|
| 650 |
0 |
0 |
|a Importers --
|x Directories --
|z Bangladesh
|
| 650 |
0 |
0 |
|a Importers --
|x Directories --
|z Mauritius
|
| 650 |
0 |
0 |
|a Importers --
|x Directories --
|z Mongolia
|
| 650 |
0 |
0 |
|a Importers --
|x Directories --
|z Nepal
|
| 650 |
0 |
0 |
|a Importers --
|x Directories --
|z Pakistan
|
| 650 |
0 |
0 |
|a Importers --
|x Directories --
|z Philippines
|
| 650 |
0 |
0 |
|a Importers --
|x Directories --
|z South Korea
|
| 650 |
0 |
0 |
|a Importers --
|x Directories --
|z New Zealand
|
| 650 |
0 |
0 |
|a Importers --
|x Directories --
|z China
|
| 650 |
0 |
0 |
|a Importers --
|x Directories --
|z Asia Pacific
|
| 650 |
0 |
0 |
|a Importers --
|x Directories --
|z Australia
|
| 650 |
0 |
0 |
|a Importers --
|x Directories --
|z Japan
|
| 650 |
0 |
0 |
|a Importers --
|x Directories --
|z Hong Kong
|
| 650 |
0 |
0 |
|a Importers --
|x Directories --
|z Kazakhstan
|
| 650 |
0 |
0 |
|a Importers --
|x Directories --
|z India
|
| 650 |
0 |
0 |
|a Importers --
|x Directories --
|z Singapore
|
| 651 |
0 |
0 |
|a China
|
| 651 |
0 |
0 |
|a Australia
|
| 651 |
0 |
0 |
|a Pakistan
|
| 651 |
0 |
0 |
|a Philippines
|
| 651 |
0 |
0 |
|a Singapore
|
| 651 |
0 |
0 |
|a Indonesia
|
| 651 |
0 |
0 |
|a Malaysia
|
| 651 |
0 |
0 |
|a Asia Pacific
|
| 651 |
0 |
0 |
|a Hong Kong
|
| 651 |
0 |
0 |
|a India
|
| 651 |
0 |
0 |
|a New Zealand
|
| 651 |
0 |
0 |
|a Nepal
|
| 651 |
0 |
0 |
|a Mauritius
|
| 651 |
0 |
0 |
|a Bangladesh
|
| 651 |
0 |
0 |
|a Kazakhstan
|
| 651 |
0 |
0 |
|a South Korea
|
| 651 |
0 |
0 |
|a Mongolia
|
| 651 |
0 |
0 |
|a Japan
|
| 999 |
|
|
|a B000021390
|b Directories
|c Regions
|e Business Information Centre
|
| 999 |
|
|
|a B000021829
|b Directories
|c Regions
|e Business Information Centre
|
| 999 |
|
|
|a B000021830
|b Directories
|c Regions
|e Business Information Centre
|
| 999 |
|
|
|a SBH000709B
|b Directories
|c Regions
|e MATRADE Sabah
|
| 999 |
|
|
|a SRW000136B
|b Directories
|c Regions
|e MATRADE Sabah
|
| 999 |
|
|
|a PNG000729B
|b Directories
|c Regions
|e MATRADE Sarawak
|